<?xml version="1.0" encoding="UTF-8"?>
<record
    xmlns:xsi="http://www.w3.org/2001/XMLSchema-instance"
    xsi:schemaLocation="http://www.loc.gov/MARC21/slim http://www.loc.gov/standards/marcxml/schema/MARC21slim.xsd"
    xmlns="http://www.loc.gov/MARC21/slim">

  <leader>01643nam a2200277Ia 4500</leader>
  <controlfield tag="001">18396</controlfield>
  <controlfield tag="003">GE_BSU</controlfield>
  <controlfield tag="008">181216s||||||||xx |||||||||||||| ||und||</controlfield>
  <datafield tag="020" ind1=" " ind2=" ">
    <subfield code="a">9994074539</subfield>
  </datafield>
  <datafield tag="040" ind1=" " ind2=" ">
    <subfield code="c">GE_BSU</subfield>
  </datafield>
  <datafield tag="080" ind1=" " ind2=" ">
    <subfield code="a">070.11</subfield>
  </datafield>
  <datafield tag="245" ind1=" " ind2=" ">
    <subfield code="a">&#x10D2;&#x10D4;&#x10DB;&#x10DD;&#x10D5;&#x10DC;&#x10D4;&#x10D1;&#x10D0;, &#x10D1;&#x10D0;&#x10D5;&#x10E8;&#x10D5;&#x10D7;&#x10D0; &#x10E3;&#x10E1;&#x10D0;&#x10E4;&#x10E0;&#x10D7;&#x10EE;&#x10DD;&#x10D4;&#x10D1;&#x10D0;, &#x10E1;&#x10D0;&#x10E0;&#x10D4;&#x10D3;&#x10D0;&#x10E5;&#x10EA;&#x10D8;&#x10DD; &#x10D3;&#x10D0;&#x10DB;&#x10DD;&#x10E3;&#x10D9;&#x10D8;&#x10D3;&#x10D4;&#x10D1;&#x10DA;&#x10DD;&#x10D1;&#x10D0;, &#x10E8;&#x10D4;&#x10DB;&#x10DD;&#x10E5;&#x10DB;&#x10D4;&#x10D3;&#x10D4;&#x10D1;&#x10D8;&#x10D7;&#x10DD;&#x10D1;&#x10D0;, &#x10DB;&#x10D8;&#x10E3;&#x10D9;&#x10D4;&#x10E0;&#x10EB;&#x10DD;&#x10D4;&#x10D1;&#x10DA;&#x10DD;&#x10D1;&#x10D0;, &#x10E1;&#x10D0;&#x10DB;&#x10D0;&#x10E0;&#x10D7;&#x10DA;&#x10D8;&#x10D0;&#x10DC;&#x10DD;&#x10D1;&#x10D0;, &#x10E1;&#x10D0;&#x10D8;&#x10D3;&#x10E3;&#x10DB;&#x10DA;&#x10DD;&#x10D4;&#x10D1;&#x10D0;.</subfield>
  </datafield>
  <datafield tag="245" ind1=" " ind2=" ">
    <subfield code="b">&#x10DE;&#x10E0;&#x10DD;&#x10D3;&#x10D8;&#x10E3;&#x10E1;&#x10D4;&#x10E0;&#x10D7;&#x10D0; &#x10E1;&#x10D0;&#x10EE;&#x10D4;&#x10DA;&#x10DB;&#x10EB;&#x10E6;&#x10D5;&#x10D0;&#x10DC;&#x10D4;&#x10DA;&#x10DD;. BBC &#x10E6;&#x10D8;&#x10E0;&#x10D4;&#x10D1;&#x10E3;&#x10DA;&#x10D4;&#x10D1;&#x10D4;&#x10D1;&#x10D8; &#x10D3;&#x10D0; &#x10E1;&#x10E2;&#x10D0;&#x10DC;&#x10D3;&#x10D0;&#x10E0;&#x10E2;&#x10D4;&#x10D1;&#x10D8;</subfield>
  </datafield>
  <datafield tag="245" ind1=" " ind2=" ">
    <subfield code="c">&#x10EC;&#x10D8;&#x10D2;&#x10DC;&#x10D6;&#x10D4; &#x10DB;&#x10E3;&#x10E8;&#x10D0;&#x10DD;&#x10D1;&#x10D3;&#x10DC;&#x10D4;&#x10DC;: &#x10E8;.&#x10E9;&#x10EE;&#x10D0;&#x10D8;&#x10EB;&#x10D4;, &#x10D4;. &#x10ED;&#x10D0;&#x10D5;&#x10ED;&#x10D0;&#x10D5;&#x10D0;&#x10EB;&#x10D4;, &#x10D9;.&#x10ED;&#x10D0;&#x10D1;&#x10D0;&#x10E8;&#x10D5;&#x10D8;&#x10DA;&#x10D8; &#x10D3;&#x10D0; &#x10E1;&#x10EE;&#x10D5;&#x10D0;</subfield>
  </datafield>
  <datafield tag="260" ind1=" " ind2=" ">
    <subfield code="a">&#x10D7;&#x10D1;&#x10D8;&#x10DA;&#x10D8;&#x10E1;&#x10D8;</subfield>
  </datafield>
  <datafield tag="260" ind1=" " ind2=" ">
    <subfield code="b">&#x10D0;&#x10E0;&#x10D4;&#x10E2;&#x10D4;</subfield>
  </datafield>
  <datafield tag="260" ind1=" " ind2=" ">
    <subfield code="c">2004</subfield>
  </datafield>
  <datafield tag="300" ind1=" " ind2=" ">
    <subfield code="a">362&#x10D2;&#x10D5;. ; 18&#x10E1;&#x10DB;.</subfield>
  </datafield>
  <datafield tag="541" ind1=" " ind2=" ">
    <subfield code="h">32&#x10DA;.</subfield>
  </datafield>
  <datafield tag="653" ind1=" " ind2=" ">
    <subfield code="a">BBC &#x10E6;&#x10D8;&#x10E0;&#x10D4;&#x10D1;&#x10E3;&#x10DA;&#x10D4;&#x10D1;&#x10D4;&#x10D1;&#x10D8; &#x10D3;&#x10D0; &#x10E1;&#x10E2;&#x10D0;&#x10DC;&#x10D3;&#x10D0;&#x10E0;&#x10E2;&#x10D4;&#x10D1;&#x10D8;</subfield>
  </datafield>
  <datafield tag="653" ind1=" " ind2=" ">
    <subfield code="a">&#x10D2;&#x10D4;&#x10DB;&#x10DD;&#x10D5;&#x10DC;&#x10D4;&#x10D1;&#x10D0;, &#x10D1;&#x10D0;&#x10D5;&#x10E8;&#x10D5;&#x10D7;&#x10D0; &#x10E3;&#x10E1;&#x10D0;&#x10E4;&#x10E0;&#x10D7;&#x10EE;&#x10DD;&#x10D4;&#x10D1;&#x10D0;, &#x10E1;&#x10D0;&#x10E0;&#x10D4;&#x10D3;&#x10D0;&#x10E5;&#x10EA;&#x10D8;&#x10DD; &#x10D3;&#x10D0;&#x10DB;&#x10DD;&#x10E3;&#x10D9;&#x10D8;&#x10D3;&#x10D4;&#x10D1;&#x10DA;&#x10DD;&#x10D1;&#x10D0;, &#x10E8;&#x10D4;&#x10DB;&#x10DD;&#x10E5;&#x10DB;&#x10D4;&#x10D3;&#x10D4;&#x10D1;&#x10D8;&#x10D7;&#x10DD;&#x10D1;&#x10D0;,</subfield>
  </datafield>
  <datafield tag="653" ind1=" " ind2=" ">
    <subfield code="a">&#x10DB;&#x10D4;&#x10D3;&#x10D8;&#x10D0;</subfield>
  </datafield>
  <datafield tag="653" ind1=" " ind2=" ">
    <subfield code="a">&#x10DB;&#x10D8;&#x10E3;&#x10D9;&#x10D4;&#x10E0;&#x10EB;&#x10DD;&#x10D4;&#x10D1;&#x10DA;&#x10DD;&#x10D1;&#x10D0;, &#x10E1;&#x10D0;&#x10DB;&#x10D0;&#x10E0;&#x10D7;&#x10DA;&#x10D8;&#x10D0;&#x10DC;&#x10DD;&#x10D1;&#x10D0;, &#x10E1;&#x10D0;&#x10D8;&#x10D3;&#x10E3;&#x10DB;&#x10DA;&#x10DD;&#x10D4;&#x10D1;&#x10D0;</subfield>
  </datafield>
  <datafield tag="653" ind1=" " ind2=" ">
    <subfield code="a">&#x10DE;&#x10E0;&#x10DD;&#x10D3;&#x10D8;&#x10E3;&#x10E1;&#x10D4;&#x10E0;&#x10D7;&#x10D0; &#x10E1;&#x10D0;&#x10EE;-&#x10DA;&#x10DD;</subfield>
  </datafield>
  <datafield tag="942" ind1=" " ind2=" ">
    <subfield code="c">BK</subfield>
  </datafield>
  <datafield tag="999" ind1=" " ind2=" ">
    <subfield code="c">51411</subfield>
    <subfield code="d">51411</subfield>
  </datafield>
  <datafield tag="952" ind1=" " ind2=" ">
    <subfield code="0">0</subfield>
    <subfield code="1">0</subfield>
    <subfield code="4">0</subfield>
    <subfield code="7">0</subfield>
    <subfield code="9">71121</subfield>
    <subfield code="d">2018-12-17</subfield>
    <subfield code="p">47168</subfield>
    <subfield code="r">2018-12-17</subfield>
    <subfield code="w">2018-12-17</subfield>
    <subfield code="y">BK</subfield>
  </datafield>
  <datafield tag="952" ind1=" " ind2=" ">
    <subfield code="0">0</subfield>
    <subfield code="1">0</subfield>
    <subfield code="4">0</subfield>
    <subfield code="7">0</subfield>
    <subfield code="9">71122</subfield>
    <subfield code="d">2018-12-17</subfield>
    <subfield code="p">47169</subfield>
    <subfield code="r">2018-12-17</subfield>
    <subfield code="w">2018-12-17</subfield>
    <subfield code="y">BK</subfield>
  </datafield>
  <datafield tag="952" ind1=" " ind2=" ">
    <subfield code="0">0</subfield>
    <subfield code="1">0</subfield>
    <subfield code="4">0</subfield>
    <subfield code="7">0</subfield>
    <subfield code="9">71123</subfield>
    <subfield code="d">2018-12-17</subfield>
    <subfield code="p">47170</subfield>
    <subfield code="r">2018-12-17</subfield>
    <subfield code="w">2018-12-17</subfield>
    <subfield code="y">BK</subfield>
  </datafield>
  <datafield tag="952" ind1=" " ind2=" ">
    <subfield code="0">0</subfield>
    <subfield code="1">0</subfield>
    <subfield code="4">0</subfield>
    <subfield code="7">0</subfield>
    <subfield code="9">71124</subfield>
    <subfield code="d">2018-12-17</subfield>
    <subfield code="p">47171</subfield>
    <subfield code="r">2018-12-17</subfield>
    <subfield code="w">2018-12-17</subfield>
    <subfield code="y">BK</subfield>
  </datafield>
  <datafield tag="952" ind1=" " ind2=" ">
    <subfield code="0">0</subfield>
    <subfield code="1">0</subfield>
    <subfield code="4">0</subfield>
    <subfield code="7">0</subfield>
    <subfield code="9">71125</subfield>
    <subfield code="d">2018-12-17</subfield>
    <subfield code="p">47172</subfield>
    <subfield code="r">2018-12-17</subfield>
    <subfield code="w">2018-12-17</subfield>
    <subfield code="y">BK</subfield>
  </datafield>
</record>
